000 00617nam a22001937a 4500
003 LK-CoMWRAF
005 20231122144956.0
008 230930b2007 |||||||| |||| 00| 0 eng d
020 _a9789551858001
040 _aLK-CoMWRAF
_dLK-CoMWRAF
_eLK-CoMWRAF
041 _aeng
082 _a305.42
_bSPA
245 _aspace to speak:
_bstudy on female domestic workers in Sri Lanka (with special reference to the tea plantation sector)
260 _aKandy:
_bRed flag women's movement,
_c2007
300 _aiv, 28 p.
650 _aFEMALE DOMESTIC WORKERS-Sri Lanka
650 _aFemale workers-Tea industry
942 _cBK
999 _c3758
_d3758